000 01014nam a2200301Ia 4500
003 OSt
005 20221005092315.0
006 a|||||r|||| 00| 0
007 ta
008 221004b |||||||| |||| 00| 0 eng d
020 _a9781138680470 (hbk)
_cUKP 105.00
024 _a37957
037 _b3161, 28/02/2018, The Book Seller
_cTextual
040 _aCRL
_cCRL
_beng
041 _2eng
_aeng
082 _aO111,3(Y:45):g, Q7
100 _aBendixen Alfred Ed.
_934540
245 0 _aCentrality of crime fiction in american literary cultrue
260 _aNew York
_bRoutledge UK
_c2017
300 _avi,303p
_ccm.
490 _aRoutledge interdisciplinary perspectines on literature
650 _a ENGLISH FICTION
650 _a ENGLISH LITERATURE
650 _aCRIMES
_935780
700 _a Edenfield Olivia Carr Ed.
_9617131
942 _hO111,3(Y:45):g, Q7
_cTEXL
_2cc
999 _c998651
_d998651